[Event "1st Sergiy Shystarev Memorial 2020"]
[Site "Kyiv"]
[Date "2020.08.25"]
[Round "1.1"]
[White "Solodovnichenko, Yuri"]
[Black "Shton, Roman"]
[Result "1-0"]
[WhiteElo "2553"]
[BlackElo "2117"]
[Annotator "TA"]
[PlyCount "105"]
[EventDate "2020.08.25"]
[EventCountry "UKR"]
[SourceTitle "playchess.com"]
[Source "ChessBase"]
[SourceQuality "1"]

{[%evp 10,104,45,52,51,27,47,17,48,47,46,45,51,35,50,22,72,60,68,67,68,68,61,61,68,61,64,68,66,68,77,52,49,40,31,39,87,92,94,89,89,88,103,45,38,40,33,33,35,28,37,35,29,24,26,32,41,27,61,39,68,8,416,411,496,491,928,1081,731,911,877,873,783,355,717,518,1977,1832,2242,1735,12836,12834,12837,12837,12838,12838,12836,12836,12837,12837,12834,12835,12848,12848,29997,29998,29999]} 1. e4 Nf6 2. e5 Nd5 3. d4 d6 4. Nf3 dxe5 5. Nxe5 c6 6. Be2 Bf5 {B04: Alekhine's Defence: 4 Nf3.} 7. O-O Nd7 8. Nf3 e6 {The position is equal.} 9. c4 N5f6 10. Nc3 Bd6 11. Nh4 Bg6 12. Be3 $5 {[%mdl 4] [#] Leaves trodden paths.} Ne4 $146 {...Nxc3 is the strong threat.} ({Predecessor:} 12... Ng4 13. Bxg4 Qxh4 14. g3 Qe7 15. Bf3 O-O 16. Re1 h6 17. Qb3 Rab8 18. Bg2 Rfe8 {½-½ (59) Fister,B (2293)-Comien,R (2066) ICCF email 2015}) 13. g3 $1 ({Don't go for} 13. Nxg6 $2 Bxh2+ 14. Kh1 hxg6 $17) 13... Nxc3 14. bxc3 Qa5 15. c5 Be7 16. Nxg6 hxg6 17. Qb3 b6 18. Qb4 Qxb4 19. cxb4 Nf6 20. Rfc1 Nd5 21. b5 bxc5 22. bxc6 Nxe3 23. fxe3 Bg5 24. Rc3 Rc8 25. Rd1 Ke7 {[#]} 26. h4 (26. Rb1 $1 $16) 26... cxd4 $14 27. Rxd4 Rxc6 $1 28. Ra3 Bh6 29. g4 g5 30. Rxa7+ Kf6 31. h5 $1 $36 {[%mdl 2048] White fights for an advantage.} g6 32. Rdd7 Rf8 33. hxg6 Kxg6 34. Bd3+ f5 35. a4 (35. Kf2 $14) 35... Kf6 $2 {[%mdl 8192] This costs Black the game.} (35... Rb8 $1 $11 {and Black is okay.}) 36. Rh7 $18 Kg6 {[#]} 37. e4 $1 Rd6 (37... Rc1+ $142 38. Kg2 fxe4 39. Bxe4+ Kf6) 38. exf5+ exf5 39. Bxf5+ Rxf5 40. gxf5+ Kxf5 {[%mdl 4096] Endgame KRR-KRB} 41. Rhd7 (41. Rhf7+ $142 Kg4 42. Kg2) 41... Re6 $2 (41... Rc6 42. Rf7+ Kg6) 42. Rf7+ Kg4 (42... Kg6 $142 43. Kg2 Re4) 43. a5 Kg3 44. Rae7 Rd6 45. Re3+ Kh4 46. Ra3 Ra6 47. Kg2 g4 48. Rf5 Bg7 49. Rd3 {White threatens Rdd5 and mate.} Rc6 50. Rd7 Rg6 51. Rdd5 {[%csl Gd5][%cal Rf5h5]} Rh6 52. Rf1 {[%cal Rf1h1]} g3 53. Rf4# {Accuracy: White = 89%, Black = 56%.} 1-0

[Event "1st Sergiy Shystarev Memorial 2020"]
[Site "Kyiv"]
[Date "2020.08.25"]
[Round "1.2"]
[White "Barchuk, Irina"]
[Black "Sivuk, Vitaly"]
[Result "0-1"]
[WhiteElo "2114"]
[BlackElo "2545"]
[Annotator "TA"]
[PlyCount "112"]
[EventDate "2020.08.25"]
[EventCountry "UKR"]
[SourceTitle "playchess.com"]
[Source "ChessBase"]
[SourceQuality "1"]

{[%evp 17,112,-53,-48,-43,-48,-37,-50,-50,-50,-59,-23,-27,45,-137,-115,-139,-142,-142,-139,-141,-135,-155,-154,-155,-133,-142,-152,-140,-125,-100,-56,-63,-52,-50,-42,-114,-54,-102,-98,-188,-174,-188,-175,-122,-31,-212,-212,-206,-186,-186,-186,-197,-91,-160,-112,-152,-62,-77,-55,-121,-107,-119,-101,-109,-73,-68,-68,-69,-69,-87,-68,-68,-68,-92,-86,-85,-80,-504,-497,-576,-567,-547,-489,-29986,-29987,-29990,-29991,-29992,-29993,-29993,-29991,-29991,-29992,-29992,-29991,-29991,-29978]} 1. e4 e5 2. Nf3 Nc6 3. d4 exd4 4. Bc4 Nf6 5. e5 d5 6. Bb5 Nd7 7. O-O Be7 8. e6 fxe6 9. Bxc6 bxc6 {[%cal Bb7c6,Bc6c5][%mdl 32]} 10. Nxd4 {C56: Two Knights: 4 d4 exd4 5 0-0 Nxe4.} Nb8 11. Qh5+ g6 12. Qe2 {Black is slightly better.} Qd6 13. Re1 {[#]} c5 $146 (13... Bf6 $5 {[%cal Rf6d4]} 14. Nxe6 Bxe6 15. Qxe6+ Qxe6 16. Rxe6+ Kf7 $15) ({Predecessor:} 13... Kf7 14. Qf3+ Kg7 15. Bf4 Qd8 16. Qe3 Bf6 17. Bh6+ Kf7 18. Nxe6 Qe7 19. Ng5+ Bxg5 20. Bxg5 Qxe3 21. Rxe3 Re8 22. Rxe8 Kxe8 23. Nd2 {½-½ (23) Prats Rodriguez,J (2142)-Rios Parra,A (2416) Barcelona 2002}) 14. Nb5 Qc6 (14... Qd7 $1 $11) 15. Qe5 $2 {[#]} (15. Bh6 $14 {stays ahead.} Rg8 16. Bf4) 15... O-O $1 $36 {[%mdl 2048] Black is on the roll.} 16. Qxc7 Bh4 17. g3 Bf6 18. N1c3 a6 19. Qxc6 Nxc6 20. Na3 Ne5 {Strongly threatening ...Nf3+.} 21. Kg2 {[#]} Nf3 $1 {[%mdl 512]} 22. Re2 (22. Kxf3 Bxc3+) 22... Bg7 23. Na4 e5 24. Nb6 $1 {[%cal Rb6a8]} Bb7 {aiming for ...Rad8.} 25. Nxa8 Bxa8 26. h4 (26. b3 $15) 26... Bc6 ({Better is} 26... d4 $17 {Hoping for ...c4.} 27. Kf1 Bd5) 27. Rb1 h6 28. b4 {[#]} (28. b3 $17 {keeps fighting.}) 28... c4 $1 $19 29. b5 axb5 30. Nxb5 Bxb5 (30... d4 $17 {Threatens to win with ...Nd2+.} 31. Kf1 e4) 31. Rxb5 $2 (31. Ba3 $15 Ra8 32. Bc5) 31... Nd4 $1 {[%csl LRb5,LRe2][%mdl 64] Double Attack} 32. Rxe5 Nxb5 33. Rxd5 Nc3 34. Ra5 Nd1 (34... Bd4 $19 {has better winning chances.} 35. Bf4 Kh7) 35. f4 (35. Bf4 $142) 35... Nc3 36. Bb2 Ne4 (36... Rb8 $17 37. Bxc3 Bxc3) 37. Bxg7 $15 Kxg7 {[%mdl 4096] Endgame KRN-KR} 38. Ra7+ ({White should try} 38. Kf3 $15 Nd2+ 39. Ke3) 38... Kf6 39. Kf3 Nd2+ 40. Ke2 Rd8 41. g4 Ne4 42. Kf3 Nd6 43. a4 Rb8 44. Rd7 Ke6 45. Rg7 $1 Rb2 46. Rxg6+ Kd5 47. Rxh6 $2 {[%mdl 8192]} (47. g5 $17 hxg5 48. Rxg5+ Ke6 49. Re5+ Kf6 50. Rd5) 47... Rxc2 $19 48. Ke3 Rc3+ 49. Ke2 Rg3 50. Rg6 (50. a5 $19 Rxg4 51. Rh7) 50... c3 {Black mates.} 51. Kd1 {[#]} Rg2 $1 52. h5 Nc4 53. Rg8 Nb2+ 54. Ke1 Nd3+ 55. Kf1 Rf2+ 56. Kg1 Rxf4 {Accuracy: White = 59%, Black = 67%.} 0-1

[Event "1st Sergiy Shystarev Memorial 2020"]
[Site "Kyiv"]
[Date "2020.08.25"]
[Round "1.3"]
[White "Matviishen, Viktor"]
[Black "Gavrish, Leonid"]
[Result "1-0"]
[WhiteElo "2505"]
[BlackElo "2096"]
[Annotator "ChessBase"]
[PlyCount "65"]
[EventDate "2020.08.25"]
[EventCountry "UKR"]
[SourceTitle "playchess.com"]
[Source "ChessBase"]
[SourceQuality "1"]
[TimeControl "5400+30"]

1. d4 {[%emt 0:00:00]} Nf6 {[%emt 0:00:00]} 2. c4 {[%emt 0:00:00]} c5 {[%emt 0:00:00]} 3. d5 {[%emt 0:01:27]} b5 {[%emt 0:00:00]} 4. cxb5 {[%emt 0:00:04]} a6 {[%emt 0:00:00]} 5. bxa6 {[%emt 0:00:03]} g6 {[%emt 0:00:01]} 6. Nc3 {[%emt 0:00:05]} Bg7 {[%emt 0:00:09]} 7. g3 {[%emt 0:00:14]} d6 {[%emt 0:00:29]} 8. Bg2 {[%emt 0:00:07]} Nbd7 {[%emt 0:01:27]} 9. Nf3 {[%emt 0:00:27]} Nb6 {[%emt 0:00:19]} 10. O-O {[%emt 0:00:25]} Bxa6 {[%emt 0:00:17]} 11. Nd2 {[%emt 0:01:29]} O-O {[%emt 0:00:26]} 12. Qc2 {[%emt 0:00:07]} Nfd7 {[%emt 0:04:01]} 13. Re1 {[%emt 0:03:55]} Ne5 {[%emt 0:08:37]} 14. b3 {[%emt 0:01:01]} f5 {[%emt 0:00:35]} 15. Bb2 {[%emt 0:00:40]} f4 {[%emt 0:00:59]} 16. Nf3 {[%emt 0:07:04]} Nxf3+ {[%emt 0:12:04]} 17. exf3 {[%emt 0:00:23]} Nd7 {[%emt 0:02:53]} 18. Ne4 {[%emt 0:03:01]} Ne5 {[%emt 0:08:09]} 19. Ng5 {[%emt 0:08:24]} Bc8 {[%emt 0:05:31]} 20. Bxe5 {[%emt 0:12:58]} Bxe5 {[%emt 0:00:20]} 21. Rxe5 {[%emt 0:00:04]} dxe5 {[%emt 0:00:19]} 22. Bf1 {[%emt 0:00:14]} e6 {[%emt 0:12:44]} 23. Nxe6 {[%emt 0:00:17]} Bxe6 {[%emt 0:00:18]} 24. dxe6 {[%emt 0:00:02]} fxg3 {[%emt 0:06:51]} 25. hxg3 {[%emt 0:02:21]} Rc8 {[%emt 0:07:29]} 26. Bc4 {[%emt 0:03:28]} Kh8 {[%emt 0:06:29]} 27. Qe4 {[%emt 0:00:23]} Qf6 {[%emt 0:01:27]} 28. Re1 {[%emt 0:02:46]} Kg7 {[%emt 0:00:37]} 29. Qb7+ {[%emt 0:00:44]} Kh6 30. Kg2 Rce8 {[%emt 0:01:48]} 31. Rh1+ {[%emt 0:01:08]} Kg5 {[%emt 0:00:11]} 32. Qe4 {[%emt 0:01:31]} h5 {[%emt 0:00:58]} 33. Qe3+ {[%emt 0:00:09]} 1-0

[Event "1st Sergiy Shystarev Memorial 2020"]
[Site "Kyiv"]
[Date "2020.08.25"]
[Round "1.4"]
[White "Salimsky, Alexandr"]
[Black "Vysochin, Spartak"]
[Result "0-1"]
[WhiteElo "2083"]
[BlackElo "2501"]
[Annotator "TA"]
[PlyCount "74"]
[EventDate "2020.08.25"]
[EventCountry "UKR"]
[SourceTitle "playchess.com"]
[Source "ChessBase"]
[SourceQuality "1"]

{[%evp 18,74,-37,-44,-43,-37,-33,-34,-24,-49,-47,-60,-59,-45,-38,-94,-72,-157,-104,-135,-134,-145,-110,-156,-131,-199,-201,-188,-193,-197,-164,-186,-168,-136,-105,-186,-186,-182,-186,-251,-229,-212,-50,-118,-8,-33,0,0,0,-206,0,-284,-273,-522,-441,-938,-886,-917,-917]} 1. e4 e6 2. d4 d5 3. Nc3 Nf6 4. Bg5 Bb4 5. e5 h6 6. Bd2 Bxc3 7. bxc3 Ne4 8. Bd3 Nxd2 9. Qxd2 c5 10. dxc5 Nd7 {C12: French: Classical System: McCutcheon Variation.} 11. Nf3 Nxc5 12. O-O O-O {Black is slightly better.} 13. Nd4 Bd7 {[#]} 14. Rab1 $146 ({Predecessor:} 14. f4 Rc8 15. Rf3 f6 16. exf6 Qxf6 17. Re1 Be8 18. Re5 Bf7 19. g3 a6 20. Rfe3 {1-0 (53) Kanarek,M (2130)-Szymanski,A (2255) Mielno 2006}) 14... Rc8 15. f4 Qa5 16. Rf3 (16. f5 $15) 16... Qxa2 17. Rbf1 (17. Qd1 $142) 17... f5 ({Black should try} 17... Qb2 18. Kh1 Rc7) 18. exf6 Rxf6 19. g4 Rcf8 20. Qe1 Qa5 21. g5 (21. Qe5 $17) 21... hxg5 $19 22. fxg5 Rxf3 23. Nxf3 Nxd3 24. cxd3 Rf5 25. d4 Qc7 26. h4 (26. Qe3 $17) 26... a5 27. Ne5 Rxf1+ 28. Qxf1 (28. Kxf1 {was worth a try.} Be8 29. Qa1) 28... Be8 29. Qa1 b5 $2 ({Black should play} 29... Qb6 $19 30. Kf2 a4) 30. Qa3 (30. Kf2 $15) 30... b4 (30... Kh7 $17 31. Kh2 Bg6) 31. cxb4 $11 a4 {White must now prevent ...Qc2.} (31... Qb6 $5 {[%cal Rb6d4]} 32. Qc3 axb4 $11) 32. b5 $1 Bxb5 {And now ...Qc2 would win.} 33. Qb2 $2 {[#]} (33. g6 $1 $11) 33... Ba6 $2 (33... Bd3 $1 $19 {[%mdl 512] ...Bf5 is the strong threat.} 34. h5 (34. Nxd3 Qg3+) 34... Qc2 35. Qb8+ Kh7 36. Nxd3 Qxd3 37. g6+ Kh6 38. Qh8+ Kg5 39. Qxg7 Qe3+ 40. Kf1 Kxh5 41. Qh7+ Qh6) 34. h5 $2 {[%mdl 8192] [#]} (34. Kg2 $11 {and White is okay.}) 34... Qb7 $1 $19 {[%cal Rb7b2]} 35. Qc2 $2 (35. Qc1 {is a better defense.} Qb4 36. Qf4) 35... Qb3 {Black is clearly winning.} 36. Qg6 (36. Qc6 $142 Qd1+ 37. Kg2 Bf1+ 38. Kg3 Qe1+ 39. Kg4 Qe4+ 40. Kg3 Qg2+ 41. Kf4 Qd2+ 42. Kg3 Qg2+ 43. Kf4 Qd2+ 44. Kg3 Qg2+) 36... Qg3+ 37. Kh1 Qh4+ {Accuracy: White = 38%, Black = 61%.} 0-1

[Event "1st Sergiy Shystarev Memorial 2020"]
[Site "Kyiv"]
[Date "2020.08.25"]
[Round "1.5"]
[White "Malakhatko, Vadim"]
[Black "Kelbas, Alexandr"]
[Result "1-0"]
[WhiteElo "2488"]
[BlackElo "2079"]
[Annotator "TA"]
[PlyCount "81"]
[EventDate "2020.08.25"]
[EventCountry "UKR"]
[SourceTitle "playchess.com"]
[Source "ChessBase"]
[SourceQuality "1"]

{[%evp 9,81,43,29,23,33,33,28,22,19,17,26,0,0,0,3,0,3,-8,21,19,25,21,62,16,69,64,68,56,77,65,75,87,113,62,108,108,95,98,145,121,194,167,224,216,218,148,188,200,199,200,191,158,168,156,141,93,131,89,78,88,68,60,66,84,478,473,473,469,720,720,703,704,625,620]} 1. Nf3 d5 2. c4 c6 3. d4 Nf6 4. Qb3 Nbd7 5. cxd5 cxd5 6. Nc3 {D11: Slav Defence: 3 Nf3 sidelines and 3...Nf6 4 e3 Bg4.} e6 7. Bf4 a6 8. e3 {White has an edge.} Nh5 9. Bg5 {[#]} Qb6 $146 ({Predecessor:} 9... f6 10. Bh4 g5 11. g4 Ng7 12. Bg3 h5 13. Bd3 Qa5 14. Bg6+ Kd8 15. h4 hxg4 {0-1 (50) Witwicki,P (1860)-Michalski,K (2039) Poland 2016}) 10. Qc2 (10. Qxb6 {with more complications.} Nxb6 11. Be2 h6 12. Bh4 Nd7 13. Rc1) 10... h6 11. Bh4 g5 12. Bg3 Nxg3 13. hxg3 Bg7 (13... g4 $5 {[%cal Rg4f3]} 14. Nd2 Nf6 $11) 14. Bd3 Qd6 15. Rc1 b6 16. e4 Bb7 (16... dxe4 $11 17. Nxe4 Qd5) 17. e5 $14 Qe7 18. O-O O-O 19. Qe2 b5 20. Nh2 Rac8 21. Bb1 (21. Qh5 $16) 21... Rfe8 {[#]} 22. Qd3 $1 Nf8 23. f4 Rc4 24. Ne2 {[%cal Bc3e2,Be2c1,Bc1b3,Bb3c5][%mdl 32]} f5 (24... b4 $16) 25. exf6 Bxf6 (25... Qxf6 {might work better.} 26. Ng4 Qe7) 26. Ng4 Bg7 27. Ne5 Bxe5 28. fxe5 Rxc1 29. Nxc1 ({Much less strong is} 29. Rxc1 $6 Rc8 $16) 29... Qg7 30. Rf6 Re7 31. Nb3 Rf7 32. Nc5 Bc8 33. Qf1 Rxf6 34. exf6 Qf7 35. Nd3 {Threatens to win with Ne5.} Nd7 36. Qc1 $36 {[%mdl 2048] Keeping Black busy.} Qf8 $2 {[%mdl 8192] Black cannot hold the game after this.} (36... Qe8 $16 {is tougher.}) 37. Qc7 $18 {White is clearly winning.} Nxf6 {[#]} 38. Ne5 $1 Ne4 (38... Nd7 $142 39. Nxd7 Bxd7 40. Qxd7 Qf6) 39. Bxe4 dxe4 40. Ng6 Qe8 {[#]} 41. Qxc8 $1 {[%mdl 512] Accuracy: White = 80%, Black = 58%.} 1-0

[Event "1st Sergiy Shystarev Memorial 2020"]
[Site "Kyiv"]
[Date "2020.08.25"]
[Round "1.6"]
[White "Kazakov, Maksym"]
[Black "Shishkin, Vadim"]
[Result "0-1"]
[WhiteElo "2075"]
[BlackElo "2469"]
[Annotator "ChessBase"]
[PlyCount "74"]
[EventDate "2020.08.25"]
[EventCountry "UKR"]
[SourceTitle "playchess.com"]
[Source "ChessBase"]
[SourceQuality "1"]
[TimeControl "5400+30"]

1. b3 {[%emt 0:01:15]} d5 {[%emt 0:00:58]} 2. e3 {[%emt 0:00:51]} Nf6 {[%emt 0:01:37]} 3. Bb2 {[%emt 0:00:15]} g6 {[%emt 0:05:51]} 4. Bxf6 {[%emt 0:02:31]} exf6 {[%emt 0:00:04]} 5. d4 {[%emt 0:00:09]} Bg7 {[%emt 0:00:10]} 6. g3 {[%emt 0:00:20]} O-O {[%emt 0:00:28]} 7. Bg2 {[%emt 0:00:07]} f5 {[%emt 0:00:25]} 8. Ne2 {[%emt 0:00:19]} Be6 {[%emt 0:00:50]} 9. O-O {[%emt 0:01:11]} Nd7 {[%emt 0:00:49]} 10. c4 {[%emt 0:03:33]} dxc4 {[%emt 0:09:19]} 11. Nf4 {[%emt 0:02:51]} cxb3 {[%emt 0:15:09]} 12. Nd2 {[%emt 0:10:33]} b2 {[%emt 0:01:29]} 13. Rb1 {[%emt 0:00:19]} Nb6 {[%emt 0:06:05]} 14. Nxe6 {[%emt 0:06:47]} fxe6 {[%emt 0:00:07]} 15. Bxb7 {[%emt 0:00:32]} Rb8 {[%emt 0:00:33]} 16. Bf3 {[%emt 0:01:02]} c5 {[%emt 0:11:29]} 17. Nb3 {[%emt 0:09:00]} Na4 {[%emt 0:19:47]} 18. Qc2 {[%emt 0:03:46]} cxd4 {[%emt 0:02:25]} 19. Qc4 {[%emt 0:08:57]} Nc3 {[%emt 0:00:08]} 20. Rxb2 {[%emt 0:01:09]} dxe3 {[%emt 0:01:45]} 21. Qxe6+ {[%emt 0:13:03]} Kh8 {[%emt 0:00:04]} 22. fxe3 {[%emt 0:00:23]} Re8 {[%emt 0:00:37]} 23. Qa6 {[%emt 0:00:20]} Rxe3 {[%emt 0:02:29]} 24. Qxa7 {[%emt 0:01:09]} Rxf3 {[%emt 0:16:01]} 25. Rxf3 {[%emt 0:00:20]} Rxb3 {[%emt 0:00:05]} 26. Rd3 {[%emt 0:00:20]} Ne2+ {[%emt 0:00:32]} 27. Kh1 {[%emt 0:04:47]} Rxd3 {[%emt 0:00:41]} 28. Rb8 {[%emt 0:00:02]} h5 {[%emt 0:01:48]} 29. Kg2 {[%emt 0:00:36]} Kh7 {[%emt 0:00:43]} 30. Rxd8 {[%emt 0:00:12]} Rxd8 {[%emt 0:00:03]} 31. Kf1 {[%emt 0:02:47]} Nc3 {[%emt 0:01:10]} 32. a4 {[%emt 0:00:17]} Rd1+ {[%emt 0:00:39]} 33. Kg2 {[%emt 0:00:17]} Rd2+ {[%emt 0:00:10]} 34. Kf3 {[%emt 0:01:15]} Nd1 {[%emt 0:01:04]} 35. Kf4 {[%emt 0:00:46]} Kh6 {[%emt 0:00:32]} 36. g4 {[%emt 0:00:44]} Rf2+ {[%emt 0:00:17]} 37. Kg3 {[%emt 0:00:11]} Be5+ {[%emt 0:00:07]} 0-1

[Event "1st Sergiy Shystarev Memorial 2020"]
[Site "Kyiv"]
[Date "2020.08.26"]
[Round "2.1"]
[White "Malovanyi, Yulian"]
[Black "Solodovnichenko, Yuri"]
[Result "1/2-1/2"]
[WhiteElo "2311"]
[BlackElo "2553"]
[Annotator "TA"]
[PlyCount "84"]
[EventDate "2020.08.25"]
[EventCountry "UKR"]
[SourceTitle "playchess.com"]
[Source "ChessBase"]
[SourceQuality "1"]

{[%evp 23,84,-4,0,-31,-11,-27,-16,-16,-14,-18,-15,-16,-13,-16,-5,-24,-12,-9,0,-14,0,0,0,0,0,0,0,0,16,-21,-22,-22,-22,-66,-60,-55,-44,-91,-97,-86,-59,-76,-48,-77,-52,-73,-37,-35,-47,-38,-27,-25,0,0,0,0,0,0,0,0,0,0,0]} 1. e4 c5 2. Nf3 e6 3. c3 d5 4. exd5 Qxd5 5. d4 Nf6 6. Be2 Nc6 7. O-O cxd4 8. cxd4 Be7 9. Nc3 Qd8 10. a3 O-O 11. Bc4 b6 12. Bg5 Bb7 13. Ba2 {D40: Queen's Gambit Declined: Semi-Tarrasch with 5 e3.} Rc8 (13... h6 $5 {[%cal Rh6g5]} 14. Bh4 Rc8 $11) 14. Qd3 h6 15. Bh4 Nh5 16. Bg3 Bf6 17. Rad1 Nxg3 18. hxg3 Ne7 19. Rfe1 g6 20. Ne5 Kg7 21. Ng4 Nf5 {[%cal Rf6d4]} 22. Nxf6 Qxf6 {[#]} 23. d5 $146 {[%cal Rd5e6]} ({Predecessor:} 23. g4) 23... exd5 24. Bxd5 Rfd8 25. Qf3 Bxd5 26. Rxd5 Rxd5 27. Qxd5 Rd8 $36 {[%mdl 2048] Black has good play.} 28. Qe5 Qxe5 29. Rxe5 $15 {[%mdl 4096] Endgame KRN-KRN} Rd2 30. Re2 Rxe2 31. Nxe2 $17 {KN-KN} Kf6 32. Kf1 Nd6 33. b3 $1 Ke5 34. Ke1 $1 Nb5 35. a4 $1 {[%cal Ra4b5]} Nd4 36. Nc1 $1 Ke4 37. Kd2 a5 38. Kc3 $1 {The position is equal.} h5 39. b4 axb4+ 40. Kxb4 g5 41. Nb3 Nxb3 42. Kxb3 Kd5 {Accuracy: White = 88%, Black = 88%.} 1/2-1/2

[Event "1st Sergiy Shystarev Memorial 2020"]
[Site "Kyiv"]
[Date "2020.08.26"]
[Round "2.2"]
[White "Sivuk, Vitaly"]
[Black "Sydoryka, Vladyslav"]
[Result "1-0"]
[WhiteElo "2545"]
[BlackElo "2355"]
[Annotator "TA"]
[PlyCount "77"]
[EventDate "2020.08.25"]
[EventCountry "UKR"]
[SourceTitle "playchess.com"]
[Source "ChessBase"]
[SourceQuality "1"]

{[%evp 17,77,0,8,2,10,20,36,12,29,23,33,35,30,0,8,0,86,80,75,59,79,33,18,14,114,19,27,20,20,0,38,2,55,56,48,49,83,85,176,175,332,61,29987,29988,29988,29989,29989,29990,29990,29991,29991,29992,29992,29993,29993,29994,29994,29995,29995,29996,29998,29999]} 1. Nf3 Nf6 2. c4 c5 3. Nc3 Nc6 4. d4 cxd4 5. Nxd4 e6 6. e4 Bb4 7. Nxc6 bxc6 8. Bd3 e5 9. O-O O-O 10. Qe2 $1 {[%mdl 4] outshines the older 10.Bg5. Played by Vladislav Artemiev in June 2020. B44: Sicilian: Taimanov: 5 Nb5.} d6 11. Na4 Qe7 12. h3 {[#] White is slightly better.} Nd7 $146 ({Predecessor:} 12... Ba5 13. Rd1 Rd8 14. a3 Bc7 15. b4 d5 16. Bg5 d4 17. c5 h6 18. Bxf6 Qxf6 {½-½ (80) Oparin,G (2624)-Ponkratov,P (2628) Sochi 2018}) 13. Be3 Bc5 14. Nxc5 Nxc5 15. f4 exf4 16. Bxf4 Be6 (16... Re8 $11 {keeps the balance.}) 17. Rad1 $16 Rad8 18. Bc2 Rfe8 19. e5 (19. b4 $5 {[%cal Rb4c5]} Nb7 20. Qd3 $16) 19... d5 $1 20. Qe3 {Hoping for Bg5.} h6 (20... Rb8 $11) 21. cxd5 ({Better is} 21. Bxh6 $16 gxh6 22. Qxh6) 21... cxd5 $11 22. Rd4 $40 {[%mdl 128] Bxh6! is the strong threat. White is up to no good.} Ne4 23. Rfd1 Rb8 (23... Qc7 $5 {[%cal Rc7c2]} 24. Ba4 Re7 $11) 24. b3 Rec8 ({Black should play} 24... g5 $11 25. Bh2 Rb4) 25. Bxe4 $14 dxe4 26. Qxe4 Rc5 27. R1d3 g5 (27... Qh4 $16 {was worth a try.}) 28. Rg3 $18 {Strongly threatening h4.} Kh8 $2 {[#]} (28... Rcb5 29. h4 Rb4 30. hxg5 Rxd4 31. gxh6+ Kh8 32. Qxd4 Rd8) 29. Bd2 $2 (29. Bxg5 $1 $18 {[%mdl 512]} hxg5 30. Qe3) 29... Qc7 $2 {[%mdl 8192] [#] This costs Black the game.} (29... Rd8 $14) 30. Bxg5 $1 {[%mdl 64] Remove Defender. White mates.} hxg5 31. Qh4+ {[%mdl 64] Double Attack} Kg7 32. Rxg5+ Kf8 33. Qh8+ Ke7 34. Qf6+ Kf8 35. Rh5 {[%cal Rh5h8]} Rc1+ 36. Kh2 {[%cal Rh5h8]} Rh1+ 37. Kxh1 {[%cal Rh5h8]} Qc1+ 38. Kh2 {[%cal Rh5h8]} Qg1+ 39. Kxg1 {Accuracy: White = 75%, Black = 49%.} 1-0

[Event "1st Sergiy Shystarev Memorial 2020"]
[Site "Kyiv"]
[Date "2020.08.26"]
[Round "2.3"]
[White "Vysochin, Spartak"]
[Black "Babiy, Olga"]
[Result "1-0"]
[WhiteElo "2501"]
[BlackElo "2228"]
[Annotator "TA"]
[PlyCount "59"]
[EventDate "2020.08.25"]
[EventCountry "UKR"]
[SourceTitle "playchess.com"]
[Source "ChessBase"]
[SourceQuality "1"]

{[%evp 11,59,0,0,-8,0,13,10,10,31,43,47,39,85,29,70,60,70,72,59,42,127,138,146,158,235,230,314,323,387,460,466,469,460,428,456,429,450,441,460,420,658,658,670,657,1064,260,1048,986,1455,1407]} 1. e4 c6 2. d4 d5 3. e5 Bf5 4. h4 h5 5. c4 e6 6. Nc3 Ne7 7. Nge2 $1 {The main line 7.Nge2 scores better than 7.Bg5. B12: Caro-Kann: Advance Variation.} dxc4 8. Ng3 Bg6 9. Bxc4 {The position is equal.} Nd7 10. Bg5 {Hoping for Nge4.} Qb6 11. O-O Qxb2 {[#]} 12. Rc1 $146 (12. Nce4 $1 $16 Nf5 13. Rb1 Qxd4 14. Rxb7 Qxd1 15. Rxd1 Nxe5 16. Rxa7) ({Predecessor:} 12. Nge4 Bxe4 13. Nxe4 Nf5 14. Rb1 Qxd4 15. Rxb7 Nxe5 16. Qb1 Bd6 17. Rd1 Nxc4 18. Nxd6+ Ncxd6 19. Rxd4 Nxd4 {½-½ (36) Karer,G (2065)-Ivacic,V (2257) Nova Gorica 2000}) 12... Nb6 13. Bd3 Bxd3 14. Qxd3 Qa3 15. Qe2 Qa5 ({Black should play} 15... Ned5 $14 16. Nce4 Qa4) 16. Nce4 $16 {And now Nd6+ would win.} ({Much worse is} 16. Nxh5 $6 Nf5 $14) 16... Ned5 17. Nxh5 Nd7 (17... Qa6 $16 18. Qxa6 bxa6) 18. Rb1 $18 {[%cal Bc1b1,Bb1b3,Bb3d3][%mdl 32]} b5 19. Qf3 {White wants to mate with Nxg7+!} Rh7 20. Bd2 Qa3 {White must now prevent ...Qxf3.} 21. Rb3 Qxa2 22. Ng5 $1 {[%csl LRf7,LRh7][%mdl 64] [#] Double Attack} O-O-O 23. Rd3 ({Not} 23. Nxh7 Qxd2 24. Qxf7 Qxd4 $18) 23... Rxh5 24. Qxh5 Qc4 25. Qf3 {Rc1 is the strong threat.} Nb4 (25... b4 $142 26. Rc1 Qb5 27. Nxf7 Re8) 26. Rc3 Qxd4 27. Rxc6+ Nxc6 28. Qxc6+ {[%mdl 64] Double Attack} Kb8 29. Be3 Qa4 30. Nxf7 {White took control after the opening. Accuracy: White = 94%, Black = 50%.} 1-0